000 00606nam a2200253Ia 4500
008 190123s9999 xx 000 0 und d
020 _a9780531263587
050 _bS518 2010
100 _aSexton, Colleen
245 4 _aThe life cycle of a cat /
245 0 _cby Colleen Sexton.
260 _aNew York, New York :
260 _bScholastic,
260 _c2010
300 _a24 pages :
300 _bcolored illustrations ;
300 _c23cm.
440 _aBlastoff! Readers.
500 _a490L
650 _aCats --
650 _xLife cycles.
700 _aSeries.
700 _aTitle.
999 _c361004
_d361004